Salomon v Akiens (Record no. 41031)

MARC details
000 -LEADER
fixed length control field 01722cab a2200253 4500
001 - CONTROL NUMBER
control field ABS48256
008 - FIXED-LENGTH DATA ELEMENTS--GENERAL INFORMATION
fixed length control field 090401t xxu||||| |||| 00| 0 eng d
035 ## - SYSTEM CONTROL NUMBER
System control number (Sirsi) u65742
041 ## - LANGUAGE CODE
Language code of text/sound track or separate title eng
245 ## - TITLE STATEMENT
Title Salomon v Akiens
260 ## - PUBLICATION, DISTRIBUTION, ETC.
Date of publication, distribution, etc. Rent Review and Lease Renewal 13(2) Winter 1992/19
350 ## - PRICE (NR) (BK AM CF MU VM SE) [OBSOLETE]
Price 0
490 ## - SERIES STATEMENT
Series statement Rent Review & Lease Renewal
Volume/sequential designation Rent Review and Lease Renewal 13(2) Winter 1992/19
520 ## - SUMMARY, ETC.
Summary, etc. CA 30 October 1992. The plaintiff landlord, X, sought possession of the premises occupied by the tenant, Y, for a taxi business under a lease which expired in September 1986. The parties negotiated terms for a new one on a `subject to contract` basis before and after the application by Y for a new tenancy under Landlord and Tenant Act 1954. In December 1990 X served a notice under s5 of the Act to terminate the lease claiming they would object to the grant of a new tenancy on the grounds of non-payment fo rent. In January 1991 Y served a counter notice stating it was not willing to give up possession. The parties continued negotiations and the time limit for applying to the court passed without any application. Terms were eventually agreed and a new lease was exchanged. In May 1991 X sent a completion statement to Y providing for the payment of the solicitors charges and the difference between the new rent and old rent. The tenancy expired on 1 July 1991. In June X wrote to Y stating
650 ## - SUBJECT ADDED ENTRY--TOPICAL TERM
Topical term or geographic name entry element BUSINESS TENANCIES
650 ## - SUBJECT ADDED ENTRY--TOPICAL TERM
Topical term or geographic name entry element EXTENSION OF TIME
650 ## - SUBJECT ADDED ENTRY--TOPICAL TERM
Topical term or geographic name entry element LANDLORD AND TENANT ACT 1954
650 ## - SUBJECT ADDED ENTRY--TOPICAL TERM
Topical term or geographic name entry element LEASE RENEWAL
650 ## - SUBJECT ADDED ENTRY--TOPICAL TERM
Topical term or geographic name entry element SUBJECT TO CONTRACT
650 ## - SUBJECT ADDED ENTRY--TOPICAL TERM
Topical term or geographic name entry element TERMINATION
690 ## - LOCAL SUBJECT ADDED ENTRY--TOPICAL TERM (OCLC, RLIN)
Topical term or geographic name as entry element LANDLORD AND TENANT-CASE LAW-BUSINESS TENANCIES
942 ## - ADDED ENTRY ELEMENTS (KOHA)
Suppress in OPAC 0
948 ## - LOCAL PROCESSING INFORMATION (OCLC); SERIES PART DESIGNATOR (RLIN)
c (OCLC) 04/03/1997
Holdings
Withdrawn status Lost status Source of classification or shelving scheme Damaged status Not for loan Home library Current library Shelving location Date acquired Total Checkouts Full call number Barcode Date last seen Copy number Price effective from Koha item type
    Dewey Decimal Classification     London London Journal article 14/09/1999   ABS48256 65742-1001 06/08/2019 1 06/08/2019 Law report